Leaders of History - Statistics

General Stats
  • This quiz has been taken 51 times
  • The average score is 10 of 15
Answer Stats
Hint Answer % Correct
Named himself "Emperor of France" in 1804 Napoleon Bonaparte
100%
Indian leader, influenced Martin Luther King, Jr. Gandhi
93%
First female Prime Minister of the United Kingdom Margaret Thatcher
88%
His presidency helped end apartheid in South Africa in 1994 Nelson Mandela
85%
16th President of The United States Abraham Lincoln
83%
Became king of Macedonia at the age of 20 in 336 BC Alexander
78%
Established a socialist state on the Korean Peninsula in 1948 Kim Il-sung
78%
The last Egyptian pharaoh Cleopatra
76%
Born in Rosario and helped lead the Cuban Revolution Che Guevara
73%
She was born a Princess of Germany before becoming ruling empress of Russia Catherine
71%
This English king is best known for his victory at Agincourt Henry V
61%
This Brazilian president was convicted of money laundering in 2017 Luiz Inacio da Silva
51%
24th president of Liberia, held office from 2006-2018 Ellen Johnson-Sirleaf
12%
The last Aztec emperor, famously had his feet burned at the hands of Cortes Cuauhtemoc
10%
First indigenous president of Mexico Benito Juarez
7%
No matching quizzes found
Score Distribution
Percent of People with Each Score
Percentile by Number Answered
Your Score History
You have not taken this quiz